000 01796nam a2200433Ka 4500
001 71846895
003 OCoLC
005 20210224102819.0
008 061005s2006 mnua j 001 0cspa
010 _a2005015662
020 _a0736873597 :
_c$15.93
020 _a0736874453 (pbk.)
024 3 _a9780736873598
024 3 _a9780736874458
040 _aJDP
_cJDP
_dBAKER
041 1 _aspa
_heng
100 1 _aAuster, Michael A.
240 1 0 _aThey led the way.
_lSpanish.
245 1 0 _aLideres importantes /
_cpor Michael A. Auster ; [adapted translation, Gloria Ramos].
260 _aBloomington, Minn. :
_bRed Brick Learning,
_cc2006.
300 _a16 p. :
_bcol. ill. ;
_c21 cm.
490 1 _aLibros sombrilla amarilla para lectores principiantes.
_aNivel B,
_aCiencias sociales.
500 _aIncludes index.
500 _aTranslation of: They led the way.
505 0 _aSe necesita un l©Ưder -- Elizabeth Blackwell -- C©♭sar Ch©Łvez -- Helen Keller -- Jackie Robinson.
505 0 _aIt takes a leader -- Elizabeth Blackwell -- Cesar Chavez -- Helen Keller -- Jackie Robinson.
600 1 0 _aBlackwell, Elizabeth,
_d1821-1910
_vJuvenile literature.
600 1 0 _aChavez, Cesar,
_d1927-
_vJuvenile literature.
600 1 7 _aChavez, Cesar,
_d1927-
_vLiteratura juvenil.
_2bidex.
600 1 0 _aKeller, Helen,
_d1880-1968
_vJuvenile literature.
600 1 7 _aKeller, Helen,
_d1880-1968
_vLiteratura juvenil.
_2bidex.
600 1 0 _aRobinson, Jackie,
_d1919-1972
_vJuvenile literature.
650 0 _aLeadership
_vJuvenile literature.
650 7 _aLiderazgo
_vLiteratura juvenil.
_2bidex.
651 0 _aUnited States
_vBiography
_vJuvenile literature.
700 1 _aRamos, Gloria.
830 0 _aYellow umbrella books for early readers.
_pSocial studies.
_lSpanish.
942 _cBK
999 _c25312
_d25312